La Serbie en images - Statistiques

Statistiques générales
  • Ce quiz a été pris 168 fois
  • Le résultat moyen est 11 sur 18
Statistiques - réponses
Par images Hint Réponse % Correct
Territoire contesté Kosovo
97%
Ville Belgrade
96%
Ancien Etat Yougoslavie
96%
Tennisman Novak Djokovic
93%
Alphabet Cyrillique serbe
82%
Scientifique Nikola Tesla
81%
Créature légendaire Vampire
79%
Fleuve Danube
73%
Club sportif Etoile rouge de Belgrade
69%
Monnaie Dinar
61%
Handballeur Nikola Karabatic
57%
Ville Novi Sad
46%
Président Slobodan Milošević
36%
Ville Niš
31%
Province autonome Voïvodine
30%
Eglise Saint-Sava
27%
Evènement Bombardement de l'OTAN sur la Yougoslavie
20%
Site naturel Portes de Fer
3%
Aucun quiz correspondant
Distribution des résultats
% des personnes avec chaque résultat
Percentile par nombre de réponses
Votre historique - résultats
Vous n’avez pas pris ce quiz